| 000 | 01044cab a2200253 4500 | ||
|---|---|---|---|
| 001 | ##L134374 | ||
| 008 | 060801n2006 000 0 eng u | ||
| 035 | _a(Sirsi) u134374 | ||
| 041 | 0 | _aeng | |
| 100 | 1 | _aHipwell, Deirdre | |
| 245 | 0 | 0 |
_aAirports and rail freight _bspecial report |
| 260 | _c2006 | ||
| 490 | 0 |
_aProperty Week _v71(30) 28 July 2006, 73-83(5) |
|
| 520 | _aReports on expansion plans at John Lennon airport in Liverpool; increasing hopes for planning permission for a new rail freight interchange scheme in Greater London; interest in London City airport, recently put up for sale, and its potential for expansion; and upgrading and expanding the facilities at Manchester airport, requiring a huge amount of land. | ||
| 590 | _aIKA010806 | ||
| 651 | 4 | _aLIVERPOOL | |
| 651 | 4 | _aMANCHESTER | |
| 651 | 4 | _aLONDON | |
| 690 | _aPROPERTY-INFRASTRUCTURE-RAIL INFRASTRUCTURE | ||
| 690 | _aPROPERTY-INFRASTRUCTURE-AIR TRANSPORT INFRASTRUCTURE | ||
| 700 | 1 | _aBenzine, Adam | |
| 700 | 1 | _aGreig-Smith, Heather | |
| 942 | _n0 | ||
| 999 |
_c77490 _d77490 |
||